| 000 | 01310nam a22003737a 4500 | ||
|---|---|---|---|
| 003 | CHAP | ||
| 005 | 20220329141258.0 | ||
| 008 | 971010s1991 r 00010 d | ||
| 010 | _a65660 | ||
| 011 | _a66632 | ||
| 035 | _a75109 | ||
| 040 | _cCHAP | ||
| 082 |
_a636.513 _bB5 |
||
| 100 | 0 | 0 |
_aBlas Beorlegui, Carlos de. _913132 |
| 245 | _aNutrición y alimentación de gallinas ponedoras | ||
| 260 |
_aMadrid : _bMundi-Prensa, _c1991 |
||
| 300 | _a263 p. | ||
| 590 |
_aBATCH-UPD _b10 _c20130110 _lUCH01 _h0002 |
||
| 590 |
_aBATCH-UPD _b10 _c20130110 _lUCH01 _h0528 |
||
| 590 |
_aBATCH-UPD _b10 _c20130110 _lUCH01 _h2313 |
||
| 590 |
_aBATCH-UPD _b10 _c20130409 _lUCH01 _h1937 |
||
| 590 |
_aBATCH-UPD _b10 _c20130410 _lUCH01 _h0208 |
||
| 590 |
_aBATCH-UPD _b10 _c20130914 _lUCH01 _h0448 |
||
| 590 |
_aCONVERSION _b10 _c20130109 _lUCH01 _h1336 |
||
| 650 | 1 | 4 |
_aAves de corral _xAlimentación. _98638 |
| 650 | 1 | 4 |
_aAves de corral _xNutrición. _98672 |
| 650 | 1 | 4 |
_aProteínas en nutrición de aves de corral. _992455 |
| 650 | 1 | 4 |
_aVitaminas en avicultura. _9120019 |
| 700 | 0 |
_aGonzález Mateos, Gonzalo. _949159 |
|
| 901 | _aBK | ||
| 942 | _cLIBRO | ||
| 949 |
_a636.5084 B5 _bZ _cLIBRO _d-8043 _eLIBRO _gI.160969 _h1428 _i75109 _si |
||
| 949 |
_a636.513 B5 _bBC _cLIBRO _d33724000630166 _eLIBRO _gI. 184024 _h91625 _i75109 _si _t205.00 |
||
| 999 |
_c65660 _d65660 |
||